000 00903nam a2200241Ia 4500
999 _c54769
_d54769
003 GCL
005 20240530105314.0
008 140319s1991 ua 000 0 ara d
040 _aGCL /
_cGCL
082 0 4 _a210/
_bع م
100 0 _aعبدالحليم محمود
245 1 2 _aالمجموعة الكاملة لمؤلفات الدكتور عبدالحليم محمود شيخ الازهر /
_cعبدالحليم محمود
260 _aبيروت :
_bدار الكتاب اللبنانى ،
_c1990
260 _aالقاهرة :
_bدار الكتاب المصرى،
_c1990.
300 _aمتعدد ؛
_c24 سم.
650 0 4 _aالفلسفة الاسلامية
650 0 4 _aالاسلام
650 0 4 _aالاسلام والشيوعية
650 0 4 _aالسيرة النبوية
650 0 4 _aالاخلاق الاسلامية
650 0 4 _aالفقه الاسلامى
942 _2ddc
_cBK